| 000 | 01169cam a2200373 i 4500 | ||
|---|---|---|---|
| 001 | 0000513 | ||
| 003 | DO-SdBNP | ||
| 005 | 20180123093527.0 | ||
| 007 | 0000513 | ||
| 008 | 100514s 2007 mx c | |||| 000 f spa | ||
| 015 | _a | ||
| 017 |
_a _b |
||
| 020 | _a9789707704060 | ||
| 035 | _a | ||
| 040 |
_aBPMSU _bspa _cBPMSU _e |
||
| 080 | _a | ||
| 082 | 4 |
_a928.69 _bS243pe |
|
| 100 | 1 |
_aSaramago, José, _d1922-2010 |
|
| 240 | 1 | 3 |
_aAs pequenas memórias / _lEspañol |
| 245 | 1 | 3 |
_aLas pequeñas memorias / _h _cJosé Saramago ; traducción Pilar del Río |
| 260 |
_aMéxico : _bAlfaguara, _bSantillana Ediciones Generales, _c2007. |
||
| 300 |
_a179 p.: _bretrs. _c22 cm |
||
| 490 | 1 | _aBiblioteca José Saramago | |
| 500 | _aIncluye datos biográficos del autor. | ||
| 500 | _aTítulo original en portugués: As pequenas memórias | ||
| 586 | _aPremio Nobel de literatura. | ||
| 600 |
_aSARAMAGO, JOSE, _d1922-2010 _vAUTOBIOGRAFÍA |
||
| 650 | _aAUTORES PORTUGUESES | ||
| 700 | 1 | 2 |
_aRío, Pilar del _etr. |
| 830 | 0 | _aBiblioteca José Saramago | |
| 942 |
_2ddc _cBK |
||
| 945 | _aInventariado extranjero / 2018 VM | ||
| 956 |
_aYLOCKWARD _810 _cBPMSU |
||
| 999 |
_c10787 _d10787 |
||